书目信息 |
| 题名: |
中药有效成分提取分离实例
|
|
| 作者: | 卢艳花 主编 | |
| 分册: | ||
| 出版信息: | 北京 化学工业出版社 2007 |
|
| 页数: | 333页 | |
| 开本: | 26cm | |
| 丛书名: | ||
| 单 册: | ||
| 中图分类: | R284.2 | |
| 科图分类: | ||
| 主题词: | 中药化学成分--提取 , 中药化学成分--分离 , 中药化学成分 , 提取 , 分离 | |
| 电子资源: | ||
| ISBN: | 978-7-5025-9425-1 | |
| 000 | 00920nam0 2200277 450 | |
| 001 | 012007791125 | |
| 005 | 20070517104305.65 | |
| 010 | @a978-7-5025-9425-1@dCNY45.00 | |
| 100 | @a20070509d2007 km y0chiy0120 ea | |
| 101 | 0 | @achi |
| 102 | @aCN@b110000 | |
| 105 | @ay z 001yy | |
| 106 | @ar | |
| 200 | 1 | @a中药有效成分提取分离实例@Azhong yao you xiao cheng fen ti qu fen li shi li@f卢艳花主编@Flu yan hua zhu bian |
| 210 | @a北京@c化学工业出版社@d2007 | |
| 215 | @a333页@d26cm | |
| 330 | @a本书是介绍中药有效成分提取实际操作的工具书。书中按照中药成分的化学分类,从活性物质来源的植物入手,对近120中常见中药、超过300种有效成分提取分离进行了详细的说明。 | |
| 606 | 0 | @a中药化学成分@x提取 |
| 606 | 0 | @a中药化学成分@x分离 |
| 606 | 0 | @a中药化学成分 |
| 606 | 0 | @a提取 |
| 606 | 0 | @a分离 |
| 690 | @aR284.2@v4 | |
| 701 | 0 | @a卢艳花@Alu yan hua@4主编 |
| 801 | 0 | @aCN@bRULIN@c20070517 |
| 905 | @dR284.2@e208@s8 | |
| 中药有效成分提取分离实例/卢艳花主编.-北京:化学工业出版社,2007 |
| 333页;26cm |
| ISBN 978-7-5025-9425-1:CNY45.00 |
| 本书是介绍中药有效成分提取实际操作的工具书。书中按照中药成分的化学分类,从活性物质来源的植物入手,对近120中常见中药、超过300种有效成分提取分离进行了详细的说明。 |
| ● |
| 相关链接 |
|
|
|
|
正题名:中药有效成分提取分离实例
索取号:R284.2/208
 
预约/预借
| 序号 | 登录号 | 条形码 | 馆藏地/架位号 | 状态 | 备注 |
| 1 | 0578401 | 205784016 | 第二样本阅览室/ [索取号:R284.2/208] | 在馆 | |
| 2 | 0578402 | 205784025 | 教育系资料室/ [索取号:R284.2/208] | 在馆 | |
| 3 | 0578403 | 205784034 | 教育系资料室/ [索取号:R284.2/208] | 在馆 | |
| 4 | 0578404 | 205784043 | 第三借阅区/ [索取号:R284.2/208] | 在馆 | |
| 5 | 0578405 | 205784052 | 第三借阅区/ [索取号:R284.2/208] | 在馆 | |
| 6 | 0578406 | 205784061 | 教育系资料室/ [索取号:R284.2/208] | 在馆 | |
| 7 | 0578407 | 205784070 | 第三借阅区/ [索取号:R284.2/208] | 在馆 | |
| 8 | 0578408 | 205784089 | 第三借阅区/ [索取号:R284.2/208] | 在馆 |